¿Conviene flexibilizar el tipo de cambio para mejorar la competitividad? /
Este artículo aborda la cuestión de si la flexibilización del tipo de cambio podría ser beneficiosa para mejorar la competitividad económica. Escrito por Guadalupe Mántey, el artículo examina los argumentos a favor y en contra de la flexibilización del tipo de cambio en relación con la competitivida...
Uloženo v:
| Hlavní autor: | |
|---|---|
| Médium: | Text |
| Jazyk: | Spanish |
| Témata: | |
| Tagy: |
Přidat tag
Žádné tagy, Buďte první, kdo vytvoří štítek k tomuto záznamu!
|
MARC
| LEADER | 00000 a a2200000 04500 | ||
|---|---|---|---|
| 001 | 46192 | ||
| 003 | cru IIS | ||
| 005 | 20230904101134.0 | ||
| 008 | 230904b |||||||| |||| 00| 0 spa d | ||
| 040 | |c CRAI | ||
| 100 | |a Mántey, Guadalupe | ||
| 245 | |a ¿Conviene flexibilizar el tipo de cambio para mejorar la competitividad? / |c Guadalupe Mántey | ||
| 520 | |a Este artículo aborda la cuestión de si la flexibilización del tipo de cambio podría ser beneficiosa para mejorar la competitividad económica. Escrito por Guadalupe Mántey, el artículo examina los argumentos a favor y en contra de la flexibilización del tipo de cambio en relación con la competitividad. Se exploran los posibles impactos en las exportaciones, la inversión extranjera, la inflación y otros aspectos económicos clave. A través de un análisis de tablas y gráficos, se evalúa cómo la adopción de una política de tipo de cambio flexible podría influir en la posición competitiva de un país y su economía en general. RAR 08/2023 | ||
| 650 | 0 | |2 OCDE |9 1550 |a TIPO DE CAMBIO | |
| 650 | 0 | |2 OCDE |9 5594 |a COMPETITIVIDAD | |
| 650 | 0 | |2 OCDE |9 95 |a EXPORTACIONES | |
| 650 | 0 | |2 OCDE |9 2683 |a INVERSIONES EXTRANJERAS | |
| 650 | 4 | |2 OCDE |9 2667 |a INFLACION | |
| 650 | 4 | |2 OCDE |9 2655 |a POLITICA ECONOMICA | |
| 650 | 0 | |2 OCDE |9 7714 |a IMPACTO | |
| 650 | 4 | |2 OCDE |9 2658 |a POLITICA MONETARIA | |
| 773 | |g volumen44, número175 (2013), páginas 9-32 : tablas , gráficos | ||
| 773 | 0 | |0 19182 |9 4009 |a Universidad Nacional Autónoma de México. |d México, D.F.: UNAM, 1969- |o 14273 |t Problemas del desarrollo: |x 03017036 | |
| 942 | |2 ddc |c LI | ||
| 999 | |c 25606 |d 25606 | ||
